000 00560nam a2200229Ia 4500
003 OSt
005 20221006145204.0
006 a|||||r|||| 00| 0
007 ta
008 221006b |||||||| |||| 00| 0 eng d
020 _c
_14.95
024 _a14,067
037 _cTextual
040 _aEASL
_cEASL
_beng
041 _2eng
_aeng
082 _aV41:191.P2, P2
245 0 _aRise of China
260 _aNew York
_bForeung Affairs
_c2002
300 _a134p.
_ccm.
942 _hV41:191.P2, P2
_cTEXL
_2CC
999 _c1082153
_d1082153